Central Library OPAC University of Rajshahi

Halal Tourism in Bangladesh : (Record no. 81504)

MARC details
000 -LEADER
fixed length control field 01029nam a2200253 a 4500
001 - CONTROL NUMBER
RUCL Control Number 81504
003 - CONTROL NUMBER IDENTIFIER
rucl marc code BD-RjUL
005 - DATE AND TIME OF LATEST TRANSACTION
control field 20230604110139.0
008 - FIXED-LENGTH DATA ELEMENTS--GENERAL INFORMATION
fixed length control field 230604s2021 bg a|||| m||| 00| 0 eng d
035 ## - SYSTEM CONTROL NUMBER
system control number (BD-RjUL)81504
040 ## - CATALOGING SOURCE
Original cataloging agency BD-RjUL
Language of cataloging eng
Transcribing agency BD-RjUL
Modifying agency BD-RjUL
041 ## - LANGUAGE CODE
Language code of Book eng
082 ## - DEWEY DECIMAL CLASSIFICATION NUMBER
Classification number 658.8095492
Author mark and Year RAH 2021
DDC Edition number 23
100 ## - MAIN ENTRY--PERSONAL NAME
Personal name Rana, Md. Sohel
9 (RLIN) 7841
245 10 - TITLE STATEMENT
Title Halal Tourism in Bangladesh :
Remainder of title An Empirical Study /
Statement of responsibility, etc Md. Sohel Rana ;
Name of Supervisor/Co-Supervisor Principal Supervisor : Md. Faridul Islam, Co-Supervisor : Sanjib Kumar Saha,
260 ## - PUBLICATION, DISTRIBUTION, ETC. (IMPRINT)
Place of publication, distribution, etc Rajshahi :
Name of publisher, distributor, etc Department of Marketing Faculty of Business Studies, University of Rajshahi,
Date of publication, distribution, etc 2021
300 ## - PHYSICAL DESCRIPTION
Pagination xxii, 329+46 Leaves :
Other physical details ill, ;
Dimensions 29 cm.
502 ## - DISSERTATION NOTE
Dissertation note Thesis (Ph. D.) -- Department of Marketing Faculty of Business Studies, University of Rajshahi, 2021
504 ## - BIBLIOGRAPHY, ETC. NOTE
Bibliography, etc References : Leaves 279-316
650 ## - SUBJECT ADDED ENTRY--TOPICAL TERM
Topical term or geographic name as entry element Tourism
Geographic subdivision Bangladesh
9 (RLIN) 7842
700 ## - ADDED ENTRY--SUPERVISOR/CO-SUPERVISOR NAME
Personal name Islam, Md. Faridul, Principal Supervisor
9 (RLIN) 7843
Personal name Saha, Sanjib Kumar, Co-Supervisor
9 (RLIN) 7844
942 ## - ADDED ENTRY ELEMENTS (KOHA)
Source of classification or shelving scheme Dewey Decimal Classification
Koha item type Theses
Holdings
Source of classification or shelving scheme Damaged status Not for loan Collection code Permanent Location Current Location Shelving location Date of accession Source of acquisition Total Checkouts Full call number Barcode Date last seen Copy number Thesis
Dewey Decimal Classification   Not For Loan Theses Central Library, University of Rajshahi Central Library, University of Rajshahi Documentation Section 30/03/2023 Controller of Exam. R.U   THE 658.8095492 RAH 2021 D4813 04/06/2023 C-1 Theses